000 00765nam a2200193Ia 4500
999 _c45515
_d45515
003 GCL
005 20240530104217.0
008 140319s9999 xx 000 0 ara d
040 _aGCL /
_cGCL
082 0 4 _a623.73 \
_bح م
100 1 _aحسن الكمشوشى
245 1 0 _aالمجالات المتغيرة زمنيا والميكروكمبيوتر /
_cحسن الكمشوشى
260 _a[S.N] :
_bدار الراتب الجامعية ،
_c1987
300 _a150 ص. ؛
_c24 سم.
490 _aموسوعة الاتصالات العسكرية الهوائيات وانتشار الموجات والميكروكومبيوتر
_v6
650 0 4 _aالمغناطيسية الكهربائية
650 0 4 _aالهندسة الكهربية
942 _2ddc
_cBK